000 00323nam a2200121Ia 4500
008 191201s2011 xx 000 0 und d
100 _aMALIK, Imran
245 0 _aResearch Methods and Quantitative Techniques in Geography
260 _aN. Delhi
_bVikas Pub
_c2011
300 _a228
650 _aGeneral Books
942 _2ddc
_cBK
999 _c251
_d251